Alta Colombia (Registro nro. 9447)

Detalles MARC
000 -CABECERA
Longitud fija campo de control 01315nam a22003377a 4500
003 - IDENTIFICADOR DEL NUMERO DE CONTROL
Identificador del número de control CO-BoRNBP
005 - FECHA Y HORA DE LA ULTIMA TRANSACCION
Fecha y hora de la última transacción 20230428142344.0
007 - CAMPO FIJO DE DESCRIPCION FISICA
Campo fijo de descripción física ta
008 - CODIGOS DE INFORMACION DE LONGITUD FIJA
Códigos de información de longitud fija 150722b xxu||||| |||| 00| 0 eng d
020 ## - NUMERO INTERNACIONAL NORMALIZADO PARA LIBROS
Número Internacional Normalizado para Libros (ISBN) 9589393268
040 ## - FUENTE DE LA CATALOGACION
Centro catalogador de origen CO-BoRNBP
Lengua de catalogación spa
Normas de descripción rda
Centro transcriptor CO-BoRNBP
082 04 - NUMERO DE LA CLASIFICACION DECIMAL DEWEY
Número de clasificación (R) R 918.6
Número del ítem A41a
245 10 - TITULO PROPIAMENTE DICHO
Título Alta Colombia
Resto del título splendor of the mountain
Mención de responsabilidad, etc. director, designer and editor Benjamín Villegas ; photography Cristobal Von Rothkirch ; introductory text Juan Pablo Ruiz ; text of chapters Carlos Mauricio Vega ; english translation Jimmy Weiskopf
250 ## - MENCION DE EDICION
Mención de edición 1a. edición
264 ## - PRODUCCION, PUBLICACION , DISTRIBUCION, FABRICACION Y COPYRIGHT
Lugar de producción, publicación, distribución, fabricación Bogotá
Nombre del productor, editor, distribuidor, fabricante Villegas Editores
Fecha de de producción, publicación, distribución, fabricación o copyright 1996
300 ## - DESCRIPCION FISICA
Extensión 205 páginas
Otras características físicas fotografías, mapas
Dimensiones 31 cm.
336 ## - TIPO DE CONTENIDO
Término de tipo de contenido texto
Código de tipo de contenido txt
Fuente rdacontent
337 ## - TIPO DE MEDIO
Nombre del tipo de medio sin mediación
Código del tipo de medio n
Fuente rdamedia
338 ## - TIPO DE SOPORTE
Nombre del tipo de soporte volumen
Código del tipo de soporte nc
Fuente rdacarrier
500 ## - NOTA GENERAL
Nota general Donación Villegas Editores
500 ## - NOTA GENERAL
Nota general Incluye contenido
650 14 - PUNTO DE ACCESO ADICIONAL DE MATERIA - TERMINO DE MATERIA
Fuente del encabezamiento LEMB
Término de materia o nombre geográfico como elemento inicial Montañas
Subdivisión geográfica Colombia
650 14 - PUNTO DE ACCESO ADICIONAL DE MATERIA - TERMINO DE MATERIA
Fuente del encabezamiento LEMB
Término de materia o nombre geográfico como elemento inicial Paramos
Subdivisión de forma Fotografías
Subdivisión geográfica Colombia
650 14 - PUNTO DE ACCESO ADICIONAL DE MATERIA - TERMINO DE MATERIA
Fuente del encabezamiento LEMB
Término de materia o nombre geográfico como elemento inicial Lagunas
Subdivisión de forma Fotografías
Subdivisión geográfica Colombia
700 10 - PUNTO DE ACCESO ADICIONAL - NOMBRE DE PERSONA
Nombre de persona Villegas Jiménez, Benjamín
Término indicativo de función editor
700 10 - PUNTO DE ACCESO ADICIONAL - NOMBRE DE PERSONA
Nombre de persona Von Rothkirch, Cristobal
Término indicativo de función fotógrafo
700 10 - PUNTO DE ACCESO ADICIONAL - NOMBRE DE PERSONA
Nombre de persona Ruiz, Juan Pablo
700 10 - PUNTO DE ACCESO ADICIONAL - NOMBRE DE PERSONA
Nombre de persona Vega, Carlos Mauricio
700 10 - PUNTO DE ACCESO ADICIONAL - NOMBRE DE PERSONA
Nombre de persona Weiskopf, Jimmy
Término indicativo de función traductor
942 ## - ENTRADA DE ELEMENTOS AGREGADOS (KOHA)
Fuente de clasificaión o esquema Dewey Decimal Classification
Koha [por defecto] tipo de item Libro Referencia
Existencias
Perdido Fuente de clasificación o esquema Estado Físico No para préstamo Forma de adquisición Localización permanente Localización actual Localización en estanterías Fecha adquisición Préstamos totales Signatura completa Código de barras Fecha última consulta Número de copia Fecha del precio de reemplazo Tipo de item de Koha
  Dewey Decimal Classification     Infantil Biblioteca Pública San Carlos de Guaroa - Eduardo Carranza Biblioteca Pública San Carlos de Guaroa - Eduardo Carranza Sala Infantil 07/07/2023   R 918.6 A41a SG00953 07/07/2023 Ej.1 07/07/2023 Libro Referencia
  Dewey Decimal Classification     Colección General Biblioteca Pública Guamal Biblioteca Pública Guamal Referencia 04/28/2023   R 918.6 A41a GUA003456 04/28/2023 Ej.1 04/28/2023 Libro Referencia









Instituto Departamental de Cultura del Meta - Red Departamental de Bibliotecas Públicas del Meta.